Эталонная программно-управляемая мера ослабления индуктивного типа; Современные техника и технологии; Т. 1

Bibliographische Detailangaben
Parent link:Современные техника и технологии: сборник трудов XVIII международной научно-практической конференции студентов, аспирантов и молодых ученых, Томск, 9-13 апреля 2012 г/ Национальный исследовательский Томский политехнический университет (ТПУ).— , 2012
Т. 1.— 2012.— [С. 279-280]
1. Verfasser: Чебуренко Д. С. Денис Сергеевич
Körperschaft: Национальный исследовательский Томский политехнический университет (ТПУ)
Weitere Verfasser: Ким В. Л. Валерий Львович (научный руководитель)
Zusammenfassung:Заглавие с титульного листа
Sprache:Russisch
Veröffentlicht: 2012
Schriftenreihe:Секция 2. Приборостроение
Schlagworte:
Online-Zugang:http://www.lib.tpu.ru/fulltext/v/Conferences/2012/C2/V1/v1_137.pdf
Format: Elektronisch Buchkapitel
KOHA link:https://koha.lib.tpu.ru/cgi-bin/koha/opac-detail.pl?biblionumber=222229

MARC

LEADER 00000naa2a2200000 4500
001 222229
005 20260216154904.0
035 |a (RuTPU)RU\TPU\book\242413 
090 |a 222229 
100 |a 20120920d2012 k y0rusy50 ca 
101 0 |a rus 
102 |a RU 
135 |a drcn ---uucaa 
181 0 |a i  
182 0 |a b 
200 1 |a Эталонная программно-управляемая мера ослабления индуктивного типа  |f Д. С. Чебуренко  |g Национальный исследовательский Томский политехнический университет (ТПУ) ; науч. рук. В. Л. Ким 
203 |a Текст  |c электронный 
215 |a 1 файл (791 Кб) 
225 1 |a Секция 2. Приборостроение 
300 |a Заглавие с титульного листа 
320 |a [Библиогр.: с. 280 (5 назв.)] 
337 |a Adobe Reader 
461 1 |0 (RuTPU)RU\TPU\book\240890  |t Современные техника и технологии  |o сборник трудов XVIII международной научно-практической конференции студентов, аспирантов и молодых ученых, Томск, 9-13 апреля 2012 г  |o в 3 т.  |f Национальный исследовательский Томский политехнический университет (ТПУ)  |d 2012 
463 1 |0 (RuTPU)RU\TPU\book\240891  |t Т. 1  |v [С. 279-280]  |d 2012 
610 1 |a труды учёных ТПУ 
610 1 |a электронный ресурс 
610 1 |a индуктивные делители 
610 1 |a аттенюаторы 
610 1 |a электромагнитные колебания 
610 1 |a автотрансформаторы 
700 1 |a Чебуренко  |b Д. С.  |c специалист в области информатики и вычислительной техники  |c аспирант Томского политехнического университета  |f 1988-  |g Денис Сергеевич  |3 (RuTPU)RU\TPU\pers\29601 
702 1 |a Ким  |b В. Л.  |c специалист в области информатики и вычислительной техники  |c профессор Томского политехнического университета, доктор технических наук  |f 1950-  |g Валерий Львович  |4 727 
712 0 2 |a Национальный исследовательский Томский политехнический университет (ТПУ)  |c (2009- )  |3 (RuTPU)RU\TPU\col\15902 
801 2 |a RU  |b 63413507  |c 20130205  |g RCR 
856 4 |u http://www.lib.tpu.ru/fulltext/v/Conferences/2012/C2/V1/v1_137.pdf 
942 |c CF